| 000 | 01162cam a22003497i 4500 | ||
|---|---|---|---|
| 001 | 19249284 | ||
| 003 | EG-ScBUE | ||
| 005 | 20250217105417.0 | ||
| 008 | 160825t2023 at a f 001 0 eng d | ||
| 020 | _a9780357723630 | ||
| 020 | _a0357723635 | ||
| 040 |
_aDLC _beng _erda _cDLC _dDLC _dEG-ScBUE |
||
| 082 | 0 | 4 |
_a510 _222 _bWAN |
| 100 | 1 |
_aWaner, Stefan, _d1949- _eauthor. |
|
| 245 | 1 | 0 |
_aFinite mathematics and applied calculus / _cStefan Waner, Hofstra University, Steven R. Costenoble, Hofstra University. |
| 250 | _aEighth edition. | ||
| 264 | 1 |
_aAustralia : _bCengage Learning, _c[2023] |
|
| 264 | 4 | _cc2023 | |
| 300 |
_a1 volume (various pagings) : _billustrations (some color) ; _c26 cm |
||
| 336 |
_atext _btxt _2rdacontent |
||
| 337 |
_aunmediated _bn _2rdamedia |
||
| 338 |
_avolume _bnc _2rdacarrier |
||
| 500 | _aIncludes index. | ||
| 650 | 7 |
_aMathematics _vTextbooks. _2BUEsh |
|
| 650 | 7 |
_aCalculus _vTestbooks. _2BUEsh |
|
| 653 |
_cFebruary2025 _bENGGEN |
||
| 655 | _vReading book | ||
| 700 | 1 |
_aCostenoble, Steven R., _d1961- _eauthor. |
|
| 906 |
_a7 _bibc _corigcop _d2 _encip _f20 _gy-gencatlg |
||
| 942 |
_2ddc _cBB |
||
| 999 |
_c30902 _d30873 |
||